000 00461nam a2200133Ia 4500
008 100328s9999 xx 000 0 und d
082 _b55084
100 _aबेडेकर विश्राम
245 _aएक झाड आणि दोन पक्षी
260 _bपॅाप्युलर
630 _aएक झाड आणि दोन पक्षी
730 _aएक झाड आणि दोन पक्षी
942 _cBOOK
999 _c541785
_d541782